[Event "FRA-chT2W 0203"]
[Site "France"]
[Date "2003.04.06"]
[Round "11"]
[White "Bertrand, Helene"]
[Black "Blangez, Claire"]
[Result "1/2-1/2"]
[WhiteElo "1750"]
[BlackElo "1720"]
[PlyCount "109"]
[EventDate "2002.10.??"]
[EventType "team"]
[EventRounds "11"]
[EventCountry "FRA"]
[SourceTitle "EXT 2004"]
[Source "ChessBase"]
[SourceDate "2003.11.25"]
[SourceVersion "1"]
[SourceVersionDate "2003.11.25"]
[SourceQuality "1"]
[WhiteTeam "Poitiers Buxerolles"]
[BlackTeam "Brest"]
[WhiteTeamCountry "FRA"]
[BlackTeamCountry "FRA"]

1. e4 e6 2. d4 b6 3. Nf3 Bb7 4. Nc3 Bb4 5. Bd3 c5 6. Bd2 cxd4 7. Nxd4 Nf6 8. Qe2 0-0 9. 0-0 e5 10. Nf5 g6 11. Ng3 Nc6 12. a3 Nd4 13. Qd1 Bxc3 14. Bxc3 d5 15. f3 Re8 16. Bd2 Ne6 17. Qe1 h5 18. h4 Nf4 19. Bb5 Re6 20. Rd1 Qd6 21. Bb4 Qc7 22. Rf2 a5 23. Bd2 Qc5 24. Ba4 dxe4 25. Be3 Qc7 26. fxe4 Bc6 27. Bb3 Re7 28. Bc1 Bb7 29. Rfd2 Ng4 30. Kh1 Rae8 31. Rd6 Kg7 32. Qf1 Qc5 33. Bxf4 Nf2+ 34. Kh2 Nxd1 35. Bxe5+ Qxe5 36. Qxd1 Bxe4 37. Rxb6 Qc5 38. Rd6 Qf2 39. Qd4+ Qxd4 40. Rxd4 Bb7 41. Ba4 Rc8 42. b4 axb4 43. axb4 Bc6 44. b5 Be8 45. c4 f5 46. Bb3 Rc5 47. Nf1 Re4 48. Rxe4 fxe4 49. Kg3 Kf6 50. Ne3 Ke5 51. Nd5 Kd4 52. Kf4 Bxb5 53. cxb5 Rxb5 54. Bc2 Rxd5 55. Bxe4 1/2-1/2

[Event "FRA-chT2W 0203"]
[Site "France"]
[Date "2002.10.13"]
[Round "1"]
[White "Le Bail, Clara"]
[Black "Blangez, Claire"]
[Result "1-0"]
[WhiteElo "1710"]
[BlackElo "1760"]
[PlyCount "76"]
[EventDate "2002.10.??"]
[EventType "team"]
[EventRounds "11"]
[EventCountry "FRA"]
[SourceTitle "EXT 2004"]
[Source "ChessBase"]
[SourceDate "2003.11.25"]
[SourceVersion "1"]
[SourceVersionDate "2003.11.25"]
[SourceQuality "1"]
[WhiteTeam "Rennes"]
[BlackTeam "Brest"]
[WhiteTeamCountry "FRA"]
[BlackTeamCountry "FRA"]

1. e4 e6 2. d4 b6 3. Nf3 Bb7 4. Bd3 Nf6 5. e5 Nd5 6. Be4 Qc8 7. c3 c5 8. Qc2 f5 9. Bd3 Nc6 10. dxc5 Bxc5 11. Qd1 Qc7 12. Bxf5 Nxe5 13. Be4 Ne3 14. Bxe3 Bxe4 15. Bxc5 Nd3+ 16. Kf1 Qxc5 17. Qe2 0-0 18. Nbd2 Bg6 19. Nb3 Qf5 20. Nbd4 Qf4 21. Rd1 Nc1 22. Qd2 Qxd2 23. Nxd2 Nd3 24. N2f3 Nxb2 25. Rd2 Nd3 26. Nh4 Ne5 27. Nxg6 Nxg6 28. Nf3 Rfd8 29. g3 Rac8 30. Rd3 Rc4 31. Kg2 h6 32. Re1 Kf7 33. h4 d5 34. h5 Ne7 35. Ne5+ Kf6 36. Nxc4 Nc6 37. Nd2 Rc8 38. Rde3 Nd8 1-0